[Event "Mar del Plata Lasker Memorial"]
[Site "Mar del Plata"]
[Date "2019.07.22"]
[Round "2"]
[White "Cugat, Xavier"]
[Black "Labrunee, Juan Pablo"]
[Result "0-1"]
[WhiteElo "1638"]
[BlackElo "2185"]
[PlyCount "60"]
[EventDate "2019.07.22"]
[EventType "swiss"]
[EventRounds "7"]
[EventCountry "ARG"]
[SourceTitle "CBM 191 Extra"]
[Source "ChessBase"]
[SourceDate "2019.09.30"]
[SourceVersion "1"]
[SourceVersionDate "2019.09.30"]
[SourceQuality "1"]

1. d4 e6 2. c4 f5 3. g3 Nf6 4. Nc3 c6 5. Bg2 d5 6. Nf3 Be7 7. Bg5 0-0 8. Qc2 Nbd7 9. Ne5 Nxe5 10. dxe5 Ne4 11. Bxe7 Qxe7 12. f3 Ng5 13. h4 Nf7 14. f4 dxc4 15. 0-0-0 Rb8 16. e4 b5 17. exf5 exf5 18. Bxc6 b4 19. Nd5 Qc5 20. b3 c3 21. Ba4 Be6 22. Qd3 Rfd8 23. Bc6 Rb6 24. Be8 Rxd5 25. Bxf7+ Kxf7 26. Qf3 g6 27. h5 Rxd1+ 28. Rxd1 c2 29. hxg6+ hxg6 30. Rd2 Qg1+ 0-1